Countries by Spanish Exonyms Quiz Stats

 Plays Quiz not verified by Sporcle

Score 0/25 Timer 03:00
0 Plays Today
Name in Spanish Country % Correct
HungríaHungary
95.2%
Estados UnidosUnited States
94.6%
SudáfricaSouth Africa
94.6%
BélgicaBelgium
94.1%
CamboyaCambodia
93.1%
TurquíaTurkey
93%
TailandiaThailand
91.2%
BielorrusiaBelarus
89.2%
EslovaquiaSlovakia
88.7%
República CentroafricanaCentral African Republic
86.9%
AlemaniaGermany
85.5%
Corea del SurSouth Korea
85.5%
TúnezTunisia
85%
Name in Spanish Country % Correct
Reino UnidoUnited Kingdom
84.3%
SuizaSwitzerland
83.5%
Cabo VerdeCape Verde
81.3%
YibutiDjibouti
80.6%
DinamarcaDenmark
79.9%
KirguistánKyrgyzstan
79.5%
SueciaSweden
72.7%
San Cristóbal y NievesSt. Kitts and Nevis
71.4%
MauricioMauritius
68.6%
Países BajosThe Netherlands
54.9%
ArgeliaAlgeria
48.8%
ChipreCyprus
45%

You're not logged in!

Compare scores with friends on all Sporcle quizzes.
OR
Log In

You Might Also Like...

Show Comments

Extras

Top Quizzes Today


Score Distribution

Your Account Isn't Verified!

In order to create a playlist on Sporcle, you need to verify the email address you used during registration. Go to your Sporcle Settings to finish the process.

Report this User

Report this user for behavior that violates our Community Guidelines.

Details: